Países com Mais Rápidos Corredores de 100 Metros Rasos - Statistics

Estatísticas Gerais
  • Esse quiz foi jogado 2 088 vezes
  • A pontuação média é 4 de 7
Estatísticas das Respostas
# Melhor Tempo País % Correto
62 9.69 Estados Unidos
96%
19 9.58 Jamaica
96%
4 9.84 Canadá
74%
10 9.87 Reino Unido
64%
5 9.84 África do Sul
50%
10 9.85 Nigéria
41%
6 9.82 Trinidad e Tobago
17%
Nenhum quiz correspondente encontrado
Distribuição das Pontuações
Porcentagem de Pessoas com Cada Pontuação
Percentil de Números Respondidos
Sua Pontuação Histórica
Você não jogou esse quiz